000 01278nam a2200313 a 4500
001 000003948
003 DO-SdBNP
005 20240418073804.0
007 ta
008 090715e1998 dr ad fr 001 e spa d
020 _a9788492184590
040 _aDO-SdBNP
_bspa
_cBNPHU
082 4 _a301
_bG643d
_222
100 1 _aGonzález Oquendo, Luis J.
_911878
245 1 3 _aEl desarrollo de las ciencias sociales en América Latina :
_bcontribuciones a un balance /
_cLuis J. González Oquendo, Aymará Hernández Morales ; editor, Sergio Villena Fiengo.
260 _aSanto Domingo :
_bFLASCO,
_c1998
300 _a118 p. ;
_c22 cm.
500 _aConcurso latinoamericano de ensayo. XL Aniversario de la creación de FLASCO.
500 _aIncluye referencias bibliográficas y notas al pie de las páginas
590 _aInventariado, 2018/VM
650 4 _aCiencias sociales
_zAmérica Latina
_911879
650 0 _aSociología
_91061
700 1 _aHernández Morales, Aymará
_911880
700 1 _aVillena Fiengo, Sergio,
_eed.
_911881
710 2 _aFacultad Latinoamericana de Ciencias Sociales
_9294
710 2 _aOrganización de las Naciones Unidas para la Educación, la Ciencia y la Cultura
_911882
910 _aValidado. Control de calidad. MMOLINA
942 _2ddc
_cLBS1
999 _c3767
_d3767